A textbook of Organic Chemistry (Record no. 34744)

MARC details
000 -LEADER
fixed length control field 00387nam a22001577a 4500
005 - DATE AND TIME OF LATEST TRANSACTION
control field 20231208102614.0
008 - FIXED-LENGTH DATA ELEMENTS--GENERAL INFORMATION
fixed length control field 231201b |||||||| |||| 00| 0 eng d
082 ## - DEWEY DECIMAL CLASSIFICATION NUMBER
Classification number 547
Item number YOU
100 ## - MAIN ENTRY--AUTHOR
Author Name M.Younas
245 ## - TITLE STATEMENT
Title A textbook of Organic Chemistry
Statement of responsibility, etc. M.Younas
260 ## - PUBLICATION, DISTRIBUTION, ETC.
Place of Publication Pakistan
Name of publisher, distributor, etc. Ilmi Kitab Khana
Date of publication, distribution, etc. 2009
300 ## - PHYSICAL DESCRIPTION
Pages 644
500 ## - GENERAL NOTE
General note Include Index
650 ## - SUBJECT ADDED ENTRY--TOPICAL TERM
Subject / Department Medical
952 ## - LOCATION AND ITEM INFORMATION (KOHA)
-- 0
-- 0
Holdings
Lost status Damaged status Collection code Permanent Location Current Location Shelving Location Date acquired Full Call Number Accession No./Barcode Date last seen item type Koha item type
    Medical /Allied Heath Science Superior Information Resource Center (SIRC) Superior University- Main Campus Superior Information Resource Center (SIRC) Superior University- Main Campus Medical 12/01/2023 547 YOU-O 2009 29001 12/01/2023 BOOK BOOK

Powered by Koha